[Event "4NCL Division 4 South"]
[Site "Reading, ENG"]
[Date "2018.01.14"]
[Round "4.54"]
[White "Keetley, Peter"]
[Black "Huang, Henry"]
[Result "1/2-1/2"]
[WhiteElo "1660"]
[BlackElo "1607"]
[PlyCount "98"]
[EventDate "2018.01.14"]

1. d4 Nf6 2. Bf4 d6 3. Nf3 g6 4. e3 Bg7 5. Be2 O-O 6. c4 Nbd7 7. Nc3 Re8 8. O-O
b6 9. b4 Bb7 10. Rc1 e5 11. dxe5 Nxe5 12. Nxe5 dxe5 13. Bg3 Qe7 14. Qb3 a5 15.
a3 axb4 16. axb4 Bf8 17. Bh4 h6 18. Nd5 Bxd5 19. Bxf6 Qxf6 20. cxd5 Qe7 21. Rc4
e4 22. Rfc1 Ra7 23. Qc2 Qe5 24. g3 Bd6 25. Qd1 Rea8 26. Qd4 f5 27. Qxe5 Bxe5
28. R4c2 Ra4 29. b5 Bd6 30. Kg2 Kf7 31. Rxc7+ Bxc7 32. Rxc7+ Kf8 33. Rc6 Kg7
34. Rxb6 Rd8 35. d6 Ra7 36. Ra6 Rxa6 37. bxa6 Rxd6 38. Bb5 Rd1 39. Bc6 Ra1 40.
Bb7 Kf6 41. f4 Ke7 42. h3 Ra2+ 43. Kf1 Kd6 44. g4 Kc5 45. gxf5 gxf5 46. Bc8
Ra1+ 47. Kf2 Kd5 48. Kg3 Ra3 49. Kh4 Kc4 1/2-1/2

[Event "4NCL Division 4 South"]
[Site "Reading, ENG"]
[Date "2018.01.14"]
[Round "4.55"]
[White "Huang, Jason"]
[Black "Ignatovic, Ernest"]
[Result "0-1"]
[WhiteElo "1240"]
[BlackElo "1688"]
[PlyCount "52"]
[EventDate "2018.01.14"]

1. e4 e6 2. d4 d5 3. exd5 exd5 4. Be3 Nf6 5. Nf3 Bd6 6. Nc3 c6 7. h3 O-O 8. Bd3
Re8 9. O-O Nbd7 10. Bg5 Qc7 11. Qd2 Ne4 12. Qe2 Ndf6 13. Bxf6 Nxf6 14. Qd1 Ne4
15. Re1 f5 16. Nxe4 fxe4 17. c3 Bd7 18. Bxe4 dxe4 19. Qb3+ Be6 20. Qc2 exf3 21.
g3 Bxg3 22. fxg3 Qxg3+ 23. Kh1 f2 24. Re3 Bd5+ 25. Qe4 Bxe4+ 26. Rxe4 Qxh3# 0-1

[Event "4NCL Division 4 South"]
[Site "Reading, ENG"]
[Date "2018.01.14"]
[Round "4.56"]
[White "Perez Fadon, Andres"]
[Black "Dias, Sam"]
[Result "1/2-1/2"]
[WhiteElo "1570"]
[BlackElo "1270"]
[PlyCount "87"]
[EventDate "2018.01.14"]

1. d4 d5 2. Bf4 Nf6 3. Nd2 Bf5 4. Ngf3 e6 5. h3 c5 6. e3 Nc6 7. c3 Qb6 8. Qb3
c4 9. Qxb6 axb6 10. Bc7 b5 11. Nh4 Be4 12. f3 Bg6 13. Nxg6 hxg6 14. Be2 b4 15.
Nb1 Kd7 16. Bh2 Be7 17. Kd2 Ra4 18. cxb4 Bxb4+ 19. Nc3 Rha8 20. a3 Bxc3+ 21.
Kxc3 b5 22. Rab1 Ne8 23. Bd1 R4a6 24. e4 f6 25. Bc2 f5 26. exd5 exd5 27. g4 Nd6
28. Bxd6 Kxd6 29. gxf5 Rf8 30. Rbg1 gxf5 31. Rg6+ Kc7 32. Rxg7+ Kb6 33. Re1 f4
34. Re6 Ka5 35. Rgg6 b4+ 36. axb4+ Nxb4 37. Rxa6+ Nxa6 38. h4 Nb4 39. Rg4 Re8
40. Rxf4 Re2 41. Bb1 Re1 42. Bg6 Re2 43. Bb1 Re1 44. Bc2 1/2-1/2

[Event "4NCL Division 4 South"]
[Site "Reading, ENG"]
[Date "2018.01.14"]
[Round "4.61"]
[White "Lambourne, Dan M"]
[Black "Fegan, Chris"]
[Result "0-1"]
[WhiteElo "1978"]
[BlackElo "2038"]
[PlyCount "110"]
[EventDate "2018.01.14"]

1. Nf3 g6 2. d4 f5 3. g3 Nf6 4. Bg2 Bg7 5. c4 O-O 6. O-O d6 7. Nc3 Nc6 8. Be3
a6 9. Ng5 h6 10. Bd5+ Nxd5 11. cxd5 Nxd4 12. Bxd4 Bxd4 13. Qxd4 hxg5 14. f4
gxf4 15. Rxf4 e5 16. dxe6 Bxe6 17. Rd1 Qf6 18. Qd2 Rf7 19. b3 Raf8 20. Nd5 Bxd5
21. Qxd5 Qe5 22. Qd3 Re8 23. Rf2 Qc5 24. Kf1 Re3 25. Qd2 Rfe7 26. Rc1 Qe5 27.
Rc4 d5 28. Rcf4 Re4 29. R4f3 c5 30. Rc3 d4 31. Rcf3 Re3 32. Qc2 Rxf3 33. Rxf3
b5 34. Rf2 Qe4 35. Qxe4 Rxe4 36. Rf3 Kf7 37. Ke1 Ke6 38. Kd2 g5 39. Rf2 Ke5 40.
Kd3 Re3+ 41. Kc2 c4 42. Rg2 Ke4 43. h4 gxh4 44. gxh4 Rh3 45. Rg6 Rxh4 46. Rxa6
Ke3 47. Rf6 Rf4 48. Rb6 Kxe2 49. Rxb5 d3+ 50. Kc3 cxb3 51. Re5+ Re4 52. Rd5
bxa2 53. Ra5 d2 54. Rxa2 Re3+ 55. Kd4 f4 0-1

[Event "4NCL Division 4 South"]
[Site "Reading, ENG"]
[Date "2018.01.14"]
[Round "4.62"]
[White "Foley, John P"]
[Black "Valentine, Brian J"]
[Result "1-0"]
[WhiteElo "1957"]
[BlackElo "1920"]
[PlyCount "119"]
[EventDate "2018.01.14"]

1. d4 Nf6 2. Nf3 e6 3. Bf4 b6 4. e3 Bb7 5. Nbd2 c5 6. Bd3 Nc6 7. O-O Be7 8. c3
Nh5 9. Bg3 Nxg3 10. hxg3 d5 11. Re1 O-O 12. dxc5 bxc5 13. e4 c4 14. Bc2 Bc5 15.
b4 Bb6 16. exd5 exd5 17. a4 Qf6 18. a5 Bc7 19. a6 Bc8 20. b5 Ne5 21. Nd4 Bb6
22. Qh5 Ng6 23. N2f3 h6 24. Qxd5 Bg4 25. Qc6 Qxc6 26. Nxc6 Rfe8 27. Bxg6 fxg6
28. Nfe5 Be6 29. Nxg6 Kf7 30. Nge5+ Kf6 31. Nf3 Bd5 32. Nfd4 Bc5 33. Kf1 Re4
34. f3 Ree8 35. Rxe8 Rxe8 36. Re1 Rxe1+ 37. Kxe1 h5 38. Ke2 g5 39. Kf1 Bb6 40.
Nb4 Bf7 41. f4 h4 42. fxg5+ Kxg5 43. gxh4+ Kxh4 44. Nf3+ Kg3 45. Ne5 Be6 46.
Nec6 Kf4 47. Nd4 Bf7 48. Kf2 Ke4 49. Ke2 Be8 50. Nbc6 Bd7 51. Kd2 Kf4 52. Kc2
Ke4 53. Kb2 Bg4 54. Nxa7 Bxa7 55. Nc6 Bc5 56. a7 Bxa7 57. Nxa7 Kd5 58. Nc6 Kc5
59. Nd4 Bc8 60. Ka3 1-0

[Event "4NCL Division 4 South"]
[Site "Reading, ENG"]
[Date "2018.01.14"]
[Round "4.63"]
[White "Matthews, Adrian M S"]
[Black "Lawson, Maurice E"]
[Result "0-1"]
[WhiteElo "1839"]
[BlackElo "1948"]
[PlyCount "61"]
[EventDate "2018.01.14"]

1. e4 c6 2. d4 d5 3. exd5 cxd5 4. Bd3 Nc6 5. c3 Qc7 6. Ne2 Bg4 7. f3 Bd7 8. Bf4
e5 9. Bg3 Bd6 10. Na3 a6 11. Nc2 Nf6 12. dxe5 Nxe5 13. Ncd4 Nh5 14. Bf2 O-O 15.
Qc2 Nxd3+ 16. Qxd3 Nf4 17. Nxf4 Bxf4 18. Kd1 Rac8 19. g3 Bd6 20. Kd2 Qb6 21.
Rab1 Bb5 22. Qf5 Bc5 23. h4 Rfe8 24. Rhe1 g6 25. Qg4 Qf6 26. h5 Rcd8 27. hxg6
hxg6 28. b4 Bb6 29. f4 Re4 30. Qg5 Bxd4 31. cxd4 0-1

[Event "4NCL Division 4 South"]
[Site "Reading, ENG"]
[Date "2018.01.14"]
[Round "4.64"]
[White "Stayt, James N"]
[Black "Williamson, Kevin J"]
[Result "1/2-1/2"]
[WhiteElo "1950"]
[BlackElo "1905"]
[PlyCount "53"]
[EventDate "2018.01.14"]

1. e4 d6 2. d4 Nf6 3. Bd3 e5 4. Nf3 exd4 5. Nxd4 g6 6. O-O Bg7 7. c3 O-O 8. Bg5
c6 9. Qd2 Re8 10. Re1 Nbd7 11. f3 Qb6 12. Be3 Qc7 13. Na3 Ne5 14. Bf1 a6 15.
Nc4 Nxc4 16. Bxc4 b5 17. Bb3 c5 18. Ne2 Be6 19. Rad1 Bxb3 20. axb3 Rad8 21. Nf4
a5 22. Nd5 Nxd5 23. Qxd5 Re5 24. Qd2 Re6 25. Qd5 Re5 26. Qd2 Re6 27. Qd5
1/2-1/2

[Event "4NCL Division 4 South"]
[Site "Reading, ENG"]
[Date "2018.01.14"]
[Round "4.65"]
[White "Whiteside, Robert"]
[Black "Vachtfeidl, Petr"]
[Result "1/2-1/2"]
[WhiteElo "1778"]
[BlackElo "1919"]
[PlyCount "57"]
[EventDate "2018.01.14"]

1. e4 e5 2. Bc4 Nf6 3. d3 c6 4. Nf3 d5 5. exd5 cxd5 6. Bb3 Nc6 7. O-O Bd6 8.
Nc3 Bc7 9. Bg5 Be6 10. Re1 Qd7 11. Nb5 Ba5 12. c3 a6 13. Na3 Bc7 14. Ba4 h6 15.
Bh4 g5 16. Bg3 b5 17. Bb3 e4 18. Bxc7 Qxc7 19. dxe4 dxe4 20. Bxe6 fxe6 21. Nd4
Nxd4 22. Qxd4 O-O 23. h3 Rad8 24. Qe3 Rd3 25. Qe2 Rfd8 26. Rad1 Qd6 27. Rxd3
Qxd3 28. Nc2 Qxe2 29. Rxe2 1/2-1/2

[Event "4NCL Division 4 South"]
[Site "Reading, ENG"]
[Date "2018.01.14"]
[Round "4.66"]
[White "Fowler, David"]
[Black "Miller, Max C"]
[Result "1-0"]
[WhiteElo "1904"]
[BlackElo "1392"]
[PlyCount "125"]
[EventDate "2018.01.14"]

1. Nf3 Nf6 2. d4 e6 3. c4 c5 4. d5 exd5 5. cxd5 d6 6. Nc3 g6 7. h3 Bg7 8. e4 a6
9. a4 O-O 10. Bd3 Re8 11. O-O Nfd7 12. Bf4 Ne5 13. Nxe5 Bxe5 14. Bxe5 Rxe5 15.
f4 Re8 16. Qf3 Nd7 17. e5 dxe5 18. f5 Rf8 19. f6 Kh8 20. a5 Rg8 21. Ra4 Nf8 22.
Bc4 Bd7 23. Ra3 b5 24. axb6 Qxb6 25. Rb3 Qd8 26. Ne4 Bf5 27. g4 Bxe4 28. Qxe4
Qd6 29. Rb7 Nd7 30. g5 Rgb8 31. Rxb8+ Rxb8 32. b3 Rb4 33. Qh4 Qf8 34. Ra1 Nb8
35. Ra5 Kg8 36. Kg2 Qd8 37. Qh6 Qf8 38. Qxf8+ Kxf8 39. Rxc5 Ke8 40. d6 Kd7 41.
Rc7+ Kxd6 42. Rxf7 Nd7 43. Rxh7 Rb8 44. Rg7 Nf8 45. Ra7 Kc5 46. Rxa6 Kd4 47.
Rd6+ Ke4 48. Kg3 Rc8 49. h4 Rb8 50. Kg4 Ke3 51. h5 gxh5+ 52. Kxh5 Kf4 53. g6
Nd7 54. Rxd7 Rh8+ 55. Rh7 Rd8 56. f7 e4 57. g7 Ke3 58. g8=Q Rxg8 59. fxg8=Q Kd2
60. Qg2+ Ke3 61. Rd7 Kf4 62. Rd4 Ke3 63. Rxe4# 1-0

[Event "4NCL Division 4 South"]
[Site "Reading, ENG"]
[Date "2018.01.14"]
[Round "4.71"]
[White "Jaufarally, Nadia"]
[Black "Smith, Olivia"]
[Result "0-1"]
[WhiteElo "1708"]
[BlackElo "2095"]
[PlyCount "48"]
[EventDate "2018.01.14"]

1. e4 d5 2. exd5 Qxd5 3. Nc3 Qd6 4. d4 Nf6 5. Nf3 a6 6. Bd3 Bg4 7. h3 Bh5 8. a3
Nc6 9. Be3 O-O-O 10. g4 Bg6 11. Bxg6 hxg6 12. Ng5 Nxd4 13. Nxf7 Qc6 14. Bxd4
Qxh1+ 15. Ke2 Qxh3 16. Nxd8 Qxg4+ 17. Ke3 Rh3+ 18. f3 Qg5+ 19. Ke2 e5 20. Bf2
Qh5 21. Kf1 Rh1+ 22. Bg1 Bc5 23. Ne2 Qxf3+ 24. Ke1 Bf2+ 0-1

[Event "4NCL Division 4 South"]
[Site "Reading, ENG"]
[Date "2018.01.14"]
[Round "4.72"]
[White "Choo Yin, Benjamin"]
[Black "Sheikh, Nasarullah"]
[Result "1-0"]
[WhiteElo "1747"]
[BlackElo "1691"]
[PlyCount "77"]
[EventDate "2018.01.14"]

1. c4 Nf6 2. Nc3 c6 3. d4 d6 4. Nf3 Nbd7 5. g3 e5 6. Bg2 Be7 7. O-O O-O 8. e4
a6 9. Rb1 Re8 10. Re1 Bf8 11. d5 Qc7 12. h3 b5 13. dxc6 Qxc6 14. cxb5 axb5 15.
a3 Nc5 16. Be3 Nfd7 17. Rc1 Qb7 18. Nd5 Qb8 19. b4 Ne6 20. Ng5 Rxa3 21. Nc7
Rxe3 22. Rxe3 Nxg5 23. Nxe8 Ne6 24. Rec3 Nb6 25. Nc7 Nxc7 26. Rxc7 Nc4 27. Rxc8
Qxc8 28. Qd5 Qd7 29. Bf1 g6 30. Bxc4 bxc4 31. Rxc4 Be7 32. Rc6 Kg7 33. Kg2 f5
34. exf5 gxf5 35. b5 f4 36. b6 Qb7 37. Rxd6 f3+ 38. Kxf3 e4+ 39. Kxe4 1-0

[Event "4NCL Division 4 South"]
[Site "Reading, ENG"]
[Date "2018.01.14"]
[Round "4.73"]
[White "Islam, Mohammed"]
[Black "Rathbone-Jones, Ifan"]
[Result "1-0"]
[WhiteElo "1739"]
[BlackElo "1787"]
[PlyCount "91"]
[EventDate "2018.01.14"]

1. d4 Nf6 2. Nf3 g6 3. Bf4 d6 4. Nbd2 Bf5 5. h3 Bg7 6. g4 Be4 7. Nxe4 Nxe4 8.
e3 c5 9. c3 Qb6 10. Qc2 Nf6 11. O-O-O Nbd7 12. d5 Qa5 13. Kb1 b5 14. e4 b4 15.
c4 Qb6 16. e5 dxe5 17. Nxe5 a5 18. Nc6 a4 19. Qe2 O-O 20. Nxe7+ Kh8 21. h4 a3
22. b3 Nxg4 23. d6 Ngf6 24. Bg2 Rae8 25. h5 Nxh5 26. Rxh5 gxh5 27. Qxh5 Rg8 28.
Be4 Nf6 29. Qf5 Nxe4 30. Qxe4 f5 31. Qxf5 Rgf8 32. Qh5 Qb7 33. Rd5 Rxe7 34.
dxe7 Qxe7 35. Be5 Rf6 36. f4 Kg8 37. Qd1 Rf8 38. Rd7 Qxd7 39. Qxd7 Bxe5 40.
Qe6+ Kg7 41. Qxe5+ Kg8 42. f5 h5 43. f6 h4 44. Qe7 Rf7 45. Qe8+ Rf8 46. Qg6+
1-0

[Event "4NCL Division 4 South"]
[Site "Reading, ENG"]
[Date "2018.01.14"]
[Round "4.74"]
[White "Sivarajasingam, Shayanna"]
[Black "Sheikh, Anum"]
[Result "1-0"]
[WhiteElo "1700"]
[BlackElo "1526"]
[PlyCount "113"]
[EventDate "2018.01.14"]

1. e4 e5 2. Nf3 Nc6 3. Nc3 Nf6 4. d4 Bb4 5. Nxe5 Qe7 6. f3 Nxe5 7. dxe5 Qxe5 8.
Bd2 O-O 9. Bd3 c6 10. O-O d5 11. exd5 Bxc3 12. Bxc3 Qe3+ 13. Kh1 Nxd5 14. Qd2
Qxd2 15. Bxd2 Rd8 16. Rad1 Be6 17. b3 a5 18. a4 Nb4 19. Bxb4 axb4 20. Rf2 Rd7
21. Rfd2 Rad8 22. Kg1 g6 23. Kf2 Kg7 24. g3 Kf6 25. Ke2 Ke7 26. Be4 Rxd2+ 27.
Rxd2 Rxd2+ 28. Kxd2 Kd6 29. f4 b6 30. Ke3 f5 31. Bf3 c5 32. Kd3 Kc7 33. h3 h5
34. h4 Kd6 35. c4 Kc7 36. Bd5 Kd6 37. Bb7 Kc7 38. Ba6 Kd6 39. Bb5 Kc7 40. Be8
Kd8 41. Bxg6 Ke7 42. Bxh5 Kf6 43. Ke3 Kg7 44. Be2 Kg6 45. Kf2 Bd7 46. Bf3 Be6
47. Kg2 Bd7 48. Kh3 Bc8 49. h5+ Kh6 50. g4 Kg7 51. g5 Bd7 52. Kh4 Be6 53. g6
Kh6 54. g7 Kxg7 55. Kg5 Bg8 56. Bd1 Bh7 57. Bc2 1-0

[Event "4NCL Division 4 South"]
[Site "Reading, ENG"]
[Date "2018.01.14"]
[Round "4.75"]
[White "Jaufarally, Mohammud"]
[Black "Sivarajasingam, Venetia"]
[Result "1/2-1/2"]
[WhiteElo "1570"]
[BlackElo "1731"]
[PlyCount "87"]
[EventDate "2018.01.14"]

1. d4 d5 2. Nf3 Nf6 3. Bf4 c5 4. e3 Nc6 5. c3 Qb6 6. Qc2 g6 7. h3 Bf5 8. Qb3 c4
9. Qxb6 axb6 10. Nbd2 b5 11. Be2 b4 12. O-O h6 13. Ne5 bxc3 14. bxc3 g5 15. Bh2
Ne4 16. Nxe4 Bxe4 17. Nxc6 bxc6 18. Be5 Rg8 19. a4 e6 20. Ra2 Be7 21. a5 Kd7
22. Rfa1 Bd6 23. Bxd6 Kxd6 24. Rb2 Rgb8 25. Rxb8 Rxb8 26. a6 Kc7 27. Kh2 Ra8
28. f4 f6 29. fxg5 hxg5 30. g3 Kb6 31. h4 gxh4 32. gxh4 Ka7 33. h5 Rg8 34. Kh3
Bf5+ 35. Kh4 Rg2 36. Bf3 Rg8 37. h6 Bh7 38. Bh5 Rg2 39. Kh3 Rg5 40. Kh4 Rg2 41.
Kh3 Rg5 42. Be8 Bf5+ 43. Kh2 Be4 44. Kh3 1/2-1/2

[Event "4NCL Division 4 South"]
[Site "Reading, ENG"]
[Date "2018.01.14"]
[Round "4.76"]
[White "Jaberansari, Daniel"]
[Black "Jaufarally, Zahra"]
[Result "1-0"]
[WhiteElo "1451"]
[BlackElo "1450"]
[PlyCount "89"]
[EventDate "2018.01.14"]

1. e4 e5 2. Nf3 Nc6 3. d4 exd4 4. Nxd4 Qf6 5. Be3 Bc5 6. c3 Nge7 7. Bc4 O-O 8.
O-O Bd6 9. f4 Qh6 10. Rf3 Bc5 11. Nd2 d6 12. h3 Rd8 13. N2b3 b6 14. Kh1 d5 15.
Nxc6 Nxc6 16. exd5 Bxe3 17. Rxe3 Qxf4 18. Qe2 Bd7 19. Rf1 Qd6 20. dxc6 Bxc6 21.
Bxf7+ Kh8 22. Nd4 Bd7 23. Be6 Be8 24. Bd5 Rab8 25. Re6 Bb5 26. Qxb5 Qxd5 27.
Qxd5 Rxd5 28. Rfe1 Rf8 29. Re8 Kg8 30. R1e7 Rd8 31. Rxd8 Rxd8 32. Rxc7 a5 33.
Rc6 Rb8 34. Kg1 Kf7 35. Kf2 Ke7 36. Ke3 Kd7 37. Kd3 g6 38. a4 g5 39. Kc4 Rf8
40. Rxb6 Rf2 41. Rb7+ Kd6 42. Rxh7 Rxb2 43. Ra7 Rxg2 44. Rxa5 Rh2 45. Rxg5 1-0

[Event "4NCL Division 4 South"]
[Site "Reading, ENG"]
[Date "2018.01.14"]
[Round "4.81"]
[White "Hadi, Justin"]
[Black "Karia, Kamlesh"]
[Result "1-0"]
[WhiteElo "1991"]
[BlackElo "1637"]
[PlyCount "107"]
[EventDate "2018.01.14"]

1. d4 d5 2. Bf4 Nf6 3. e3 e6 4. Nd2 c5 5. c3 Nc6 6. Bd3 c4 7. Bc2 Bd6 8. Ngf3
Qc7 9. Bxd6 Qxd6 10. e4 Qe7 11. Qe2 b5 12. e5 Nd7 13. a3 Nf8 14. Qe3 h6 15. h4
f6 16. Rg1 Qc7 17. Kf1 Bd7 18. g3 a5 19. Kg2 a4 20. Rge1 O-O-O 21. Nf1 f5 22.
Qf4 Nh7 23. Ne3 g5 24. hxg5 hxg5 25. Nxg5 Nxg5 26. Qxg5 Rdg8 27. Qf4 Qd8 28.
Rh1 Ne7 29. Rxh8 Rxh8 30. Rh1 Ng6 31. Qf3 Rxh1 32. Kxh1 Qh8+ 33. Kg1 Qg8 34.
Ng2 Be8 35. Qe3 f4 36. Nxf4 Nxf4 37. Qxf4 Bh5 38. Kg2 Bg6 39. Bd1 Bf5 40. f3
Qh7 41. Qh4 Qg7 42. Qf6 Qg8 43. g4 Bd3 44. f4 Kd7 45. Qh6 Qf7 46. Kg3 Qh7 47.
Qxh7+ Bxh7 48. Kh4 Ke7 49. Kg5 Kf7 50. f5 Ke7 51. Bc2 Bg8 52. Kg6 Bf7+ 53. Kg7
Be8 54. f6+ 1-0

[Event "4NCL Division 4 South"]
[Site "Reading, ENG"]
[Date "2018.01.14"]
[Round "4.82"]
[White "Vaidya, Raghav"]
[Black "Terry, Sean"]
[Result "1-0"]
[WhiteElo "1495"]
[BlackElo "1918"]
[PlyCount "123"]
[EventDate "2018.01.14"]

1. e4 c5 2. c3 Nf6 3. e5 Nd5 4. d4 e6 5. Nf3 Nc6 6. Bc4 d6 7. O-O dxe5 8. dxe5
Nb6 9. Qxd8+ Nxd8 10. Bb5+ Bd7 11. Bxd7+ Nxd7 12. Rd1 Nc6 13. Bf4 Be7 14. Na3
g5 15. Nxg5 Ndxe5 16. Nf3 Nxf3+ 17. gxf3 Rg8+ 18. Kh1 e5 19. Be3 b6 20. Nb5 Rd8
21. Nc7+ Kf8 22. Bh6+ Rg7 23. Bxg7+ Kxg7 24. Rxd8 Bxd8 25. Rg1+ Kf6 26. Nd5+
Ke6 27. c4 Nd4 28. Rg8 Bh4 29. Kg2 h6 30. Ra8 Nc6 31. a3 a5 32. Rh8 Bg5 33.
Nxb6 Bc1 34. Na4 Kd6 35. Rh7 Nd8 36. Rh8 Ne6 37. Ra8 Bd2 38. Nc3 Bc1 39. Rxa5
Bxb2 40. Ra6+ Kd7 41. Nb5 h5 42. Ra7+ Ke8 43. Nd6+ Kd8 44. Nxf7+ Kc8 45. Nd6+
Kd8 46. Rb7 Bxa3 47. Rb3 Bb4 48. Nf7+ Ke7 49. Nxe5 Kd6 50. Ng6 Kc6 51. Re3 Nd4
52. Re5 Bc3 53. Rxh5 Nb3 54. Rh7 Nd2 55. h4 Nxc4 56. h5 Nd6 57. h6 Bf6 58. Ra7
Kb6 59. Ra8 c4 60. h7 Kb7 61. h8=Q Bxh8 62. Rxh8 1-0

[Event "4NCL Division 4 South"]
[Site "Reading, ENG"]
[Date "2018.01.14"]
[Round "4.83"]
[White "Bush, Ian"]
[Black "Sezer, Steve"]
[Result "0-1"]
[WhiteElo "1885"]
[BlackElo "1487"]
[PlyCount "100"]
[EventDate "2018.01.14"]

1. e4 c5 2. d4 cxd4 3. c3 Nf6 4. e5 Nd5 5. Nf3 Nc6 6. Bc4 Nb6 7. Bb3 e6 8. cxd4
Bb4+ 9. Bd2 Bxd2+ 10. Qxd2 Ne7 11. Nc3 Ned5 12. Ne4 O-O 13. O-O Nc7 14. Bc2 Ne8
15. Qd3 Nd5 16. Neg5 g6 17. a3 Ng7 18. Ne4 f5 19. exf6 Nxf6 20. Nfg5 Nxe4 21.
Nxe4 d5 22. Nd2 Nf5 23. Nf3 Qb6 24. b4 Bd7 25. Qd2 Rac8 26. Rad1 Bb5 27. Rfe1
Rc4 28. a4 Rfc8 29. Bxf5 Bxa4 30. Bxe6+ Kg7 31. Rc1 Rxc1 32. Rxc1 Rxc1+ 33.
Qxc1 Qxe6 34. Qc7+ Qf7 35. Qa5 Bd1 36. Qxa7 Bxf3 37. gxf3 Qe7 38. Qc5 Qxc5 39.
bxc5 Kf7 40. Kf1 Kf6 41. Kg2 Kf5 42. Kg3 g5 43. Kh3 Kf4 44. Kg2 h5 45. h3 h4
46. Kf1 Kxf3 47. Ke1 g4 48. Kf1 gxh3 49. Kg1 h2+ 50. Kxh2 Kxf2 0-1

[Event "4NCL Division 4 South"]
[Site "Reading, ENG"]
[Date "2018.01.14"]
[Round "4.84"]
[White "Angelopoulos, Andreas"]
[Black "Staples, Neil"]
[Result "0-1"]
[WhiteElo "1465"]
[BlackElo "1875"]
[PlyCount "80"]
[EventDate "2018.01.14"]

1. d4 c5 2. c3 cxd4 3. cxd4 g6 4. e4 Bg7 5. Nf3 d6 6. Nc3 Nf6 7. Bd3 O-O 8. O-O
Nc6 9. a3 Bg4 10. Be3 a6 11. h3 Bd7 12. Qd2 Na5 13. Qc2 Rc8 14. b4 Nc4 15. Bxc4
Rxc4 16. Qd3 b5 17. e5 Bf5 18. Qd2 Ne4 19. Nxe4 Bxe4 20. Ng5 Bd5 21. Qe2 dxe5
22. dxe5 Bxe5 23. Rad1 e6 24. Bc5 Qxg5 25. g3 Rc8 26. h4 Qf6 27. Qe3 Qf3 28.
Qxf3 Bxf3 29. Rd7 Rc3 30. Ra7 Rxa3 31. Re1 Bc3 32. Rc1 Bd2 33. Rb1 a5 34. bxa5
Rxc5 35. a6 Rc1+ 36. Rxc1 Bxc1 37. Kh2 Bb2 38. Kh3 Bd4 39. Rd7 Rxa6 40. Rxd4
Bd5 0-1

[Event "4NCL Division 4 South"]
[Site "Reading, ENG"]
[Date "2018.01.14"]
[Round "4.85"]
[White "Hameed, Asif"]
[Black "Angelopoulos, Nicos"]
[Result "1-0"]
[WhiteElo "1817"]
[BlackElo "1450"]
[PlyCount "95"]
[EventDate "2018.01.14"]

1. e4 c6 2. d4 d5 3. e5 c5 4. b4 c4 5. h3 Bf5 6. Nf3 e6 7. a3 Nd7 8. Nc3 a6 9.
Bg5 Be7 10. Bxe7 Nxe7 11. g4 Bg6 12. Nh4 f6 13. exf6 Nxf6 14. Qe2 Qd6 15. Bg2
O-O 16. Nf3 Ne4 17. Nxe4 Bxe4 18. O-O Qf4 19. Nh2 Bxg2 20. Kxg2 Rf6 21. Qe3
Qxe3 22. fxe3 Raf8 23. Nf3 h6 24. Ne5 Rxf1 25. Rxf1 Rxf1 26. Kxf1 Nc6 27. Nd7
Nd8 28. h4 Kf7 29. c3 Ke7 30. Nc5 Kd6 31. e4 b6 32. Nxa6 dxe4 33. Ke2 e5 34.
Ke3 Kd5 35. Nc7+ Kd6 36. Ne8+ Kd5 37. dxe5 Ne6 38. Nd6 b5 39. Nxb5 Kxe5 40. a4
Nf4 41. a5 Nd5+ 42. Ke2 e3 43. a6 Ke4 44. a7 Nf4+ 45. Ke1 e2 46. a8=Q+ Ke3 47.
Qa7+ Kd3 48. Qd4+ 1-0

[Event "4NCL Division 4 South"]
[Site "Reading, ENG"]
[Date "2018.01.14"]
[Round "4.86"]
[White "Agnihotri, Aaryan"]
[Black "Cole, Graham"]
[Result "0-1"]
[WhiteElo "1367"]
[BlackElo "1821"]
[PlyCount "66"]
[EventDate "2018.01.14"]

1. e4 c5 2. Nc3 d6 3. Bc4 Nc6 4. f4 g6 5. Nf3 Bg7 6. O-O Nf6 7. d3 O-O 8. Qe1
e6 9. Qh4 d5 10. e5 dxc4 11. exf6 Qxf6 12. Qh3 e5 13. Qg3 Qe6 14. Ng5 Qg4 15.
Qe3 exf4 16. Qxc5 Bd4+ 17. Qxd4 Nxd4 18. Rxf4 Qd7 19. Nge4 f5 20. Ng5 Ne6 21.
Rh4 Nxg5 22. Bxg5 cxd3 23. cxd3 Qxd3 24. Rd1 Qc2 25. Rd2 Qc1+ 26. Kf2 f4 27.
Ke2 Re8+ 28. Kd3 Bf5+ 29. Kc4 Qxd2 30. Bxf4 Qxb2 31. g4 Rac8+ 32. Kd4 Qxc3+ 33.
Kd5 Qd3# 0-1

[Event "4NCL Division 4 South"]
[Site "Reading, ENG"]
[Date "2018.01.14"]
[Round "4.91"]
[White "Davies, Matthew"]
[Black "Pott, Laurie"]
[Result "1/2-1/2"]
[WhiteElo "2006"]
[BlackElo "1786"]
[PlyCount "42"]
[EventDate "2018.01.14"]

1. d4 Nf6 2. c4 g6 3. Nc3 d5 4. cxd5 Nxd5 5. e4 Nxc3 6. bxc3 Bg7 7. Be3 O-O 8.
Nf3 c5 9. Be2 Nc6 10. O-O cxd4 11. cxd4 Bg4 12. d5 Bxf3 13. Bxf3 Ne5 14. Rc1
Nxf3+ 15. gxf3 Qd7 16. Kg2 f5 17. h3 Rf7 18. Qc2 fxe4 19. fxe4 Raf8 20. Qc7 Qa4
21. Qc4 Qd7 1/2-1/2

[Event "4NCL Division 4 South"]
[Site "Reading, ENG"]
[Date "2018.01.14"]
[Round "4.92"]
[White "Pack, James"]
[Black "Smith, Steve"]
[Result "0-1"]
[WhiteElo "1765"]
[BlackElo "1821"]
[PlyCount "78"]
[EventDate "2018.01.14"]

1. Nf3 d5 2. d4 Nf6 3. c4 c6 4. e3 Bf5 5. Nc3 e6 6. Be2 Bd6 7. Nh4 Bg6 8. Nxg6
hxg6 9. h3 Nbd7 10. Qc2 Rc8 11. O-O Bb8 12. b3 Qc7 13. f4 O-O 14. e4 dxe4 15.
Nxe4 Nxe4 16. Qxe4 Nf6 17. Qf3 Rcd8 18. Be3 Rfe8 19. Rae1 a6 20. Rc1 Rd7 21.
Rfe1 Red8 22. g4 Ba7 23. g5 Nh5 24. Qf2 Qa5 25. Bf3 Qc7 26. Bg4 Bb8 27. Bxh5
gxh5 28. d5 exd5 29. Bb6 Qxf4 30. Bxd8 Rxd8 31. h4 Qg4+ 32. Qg2 Ba7+ 33. Kf1
Qf4+ 34. Ke2 Re8+ 35. Kd3 Re3+ 36. Kc2 Qf5+ 37. Kb2 Qe5+ 38. Ka3 Bc5+ 39. Ka4
b5+ 0-1

[Event "4NCL Division 4 South"]
[Site "Reading, ENG"]
[Date "2018.01.14"]
[Round "4.93"]
[White "Hurley, Jake"]
[Black "Thatte, Nishchal"]
[Result "1-0"]
[WhiteElo "1698"]
[BlackElo "1607"]
[PlyCount "165"]
[EventDate "2018.01.14"]

1. e4 e5 2. Nf3 Nc6 3. Bc4 Bc5 4. b4 Bxb4 5. c3 Ba5 6. d4 d6 7. Qb3 Qf6 8. d5
Bd7 9. dxc6 Bxc6 10. Bd5 Bb6 11. Be3 Bxe3 12. fxe3 Ne7 13. O-O O-O 14. Nd4 Bxd5
15. exd5 Qg5 16. Nc2 Nf5 17. c4 e4 18. Nd2 Rfe8 19. Rf4 Nh4 20. g3 Nf5 21. Raf1
Nxg3 22. Kf2 Nxf1 23. Kxf1 Qh5 24. Kg2 Qe2+ 25. Rf2 Qd3 26. Qb2 b5 27. Nd4 Qxe3
28. Nf5 Qg5+ 29. Kh1 Qf6 30. Qxf6 gxf6 31. Ne3 bxc4 32. Ndxc4 Rad8 33. Nf5 Rb8
34. Nce3 Rb1+ 35. Kg2 Reb8 36. Kh3 R8b2 37. Rf4 Rh1 38. Ng4 h5 39. Nxf6+ Kf8
40. Rxe4 Rhxh2+ 41. Kg3 Rhg2+ 42. Kh4 Rh2+ 43. Kg5 Rhg2+ 44. Kxh5 Rh2+ 45. Kg5
Rbg2+ 46. Ng4 Rg1 47. Kf6 Rhg2 48. Rb4 Re2 49. Nfe3 Kg8 50. Rb8+ Kh7 51. Kxf7
Ree1 52. Rg8 Ref1+ 53. Nxf1 Rxf1+ 54. Nf6+ Rxf6+ 55. Kxf6 Kxg8 56. Ke6 Kg7 57.
Kd7 Kf7 58. Kxc7 Ke7 59. a4 a5 60. Kc6 Ke8 61. Kxd6 Kd8 62. Kc6 Kc8 63. Kb6 Kb8
64. Kxa5 Kb7 65. d6 Kc6 66. Ka6 Kxd6 67. Kb7 Kd7 68. a5 Kd6 69. a6 Kc5 70. a7
Kb5 71. a8=Q Kc5 72. Qd8 Kb5 73. Qc7 Kb4 74. Qc2 Ka5 75. Qb1 Ka4 76. Qb6 Ka3
77. Qb5 Ka2 78. Qb4 Ka1 79. Kc6 Ka2 80. Kc5 Ka1 81. Kc4 Ka2 82. Kc3 Ka1 83.
Qb2# 1-0

[Event "4NCL Division 4 South"]
[Site "Reading, ENG"]
[Date "2018.01.14"]
[Round "4.94"]
[White "Balakrishnan, Kathirvel"]
[Black "Melsom, Jonathan T"]
[Result "1/2-1/2"]
[WhiteElo "1573"]
[BlackElo "1734"]
[PlyCount "56"]
[EventDate "2018.01.14"]

1. d4 e6 2. e3 Nf6 3. Bd3 b6 4. f4 Bb7 5. Nf3 c5 6. Nbd2 d5 7. c3 Nbd7 8. O-O
Be7 9. Ne5 Ne4 10. Bb5 Nef6 11. Qa4 a6 12. Bc6 b5 13. Qc2 Qb6 14. Bxb7 Qxb7 15.
Ndf3 Nxe5 16. Nxe5 O-O 17. Bd2 Ne4 18. Nd3 cxd4 19. exd4 Rac8 20. b4 Rc4 21.
Ne5 Rc7 22. Nd3 Rfc8 23. Nc5 Qc6 24. Be3 a5 25. a3 a4 26. Bd2 Nd6 27. Rae1 Nc4
28. Bc1 Rf8 1/2-1/2